| 000 | 00000nam 2200000zi 4500 |
| 001 | 9.945383 |
| 003 | CaOODSP |
| 005 | 20241120133334 |
| 006 | m o d f |
| 007 | cr mn||||||||| |
| 008 | 241120e198305 oncd ob f000 0|fre d |
| 020 | |z066292116X |
| 040 | |aCaOODSP|bfre|erda|cCaOODSP |
| 043 | |an-cn--- |
| 086 | 1 |aC2-73/1983F-PDF|zC2-73/1983F |
| 245 | 04|aUne stratégie pour l'industrie automobile au Canada : |brapport du Groupe d'étude sur l'industrie canadienne des véhicules et des pièces automobiles présenté à Edward C. Lumley, Ministre de l'industrie et du commerce et de l'expansion économique régionale. |
| 264 | 1|aOttawa (Ontario) : |b[Ministère de l'industrie et du commerce et de l'Expansion économique régionale], |cmai 1983. |
| 264 | 4|c©1983 |
| 300 | |a1 ressource en ligne (xvii, 219 pages) : |bgraphiques |
| 336 | |atexte|btxt|2rdacontent/fre |
| 337 | |ainformatique|bc|2rdamedia/fre |
| 338 | |aressource en ligne|bcr|2rdacarrier/fre |
| 500 | |aÉdition numérisée de l'imprimé [par Innovation, sciences et développement économique Canada]. |
| 500 | |aPublié aussi en anglais sous le titre : An automotive strategy for Canada : report of the Federal Task Force on the Canadian Motor Vehicle and Automotive Parts Industries to Hon. Edward C. Lumley, P.C., M.P., Minister of Industry, Trade and Commerce, and Regional Economic Expansion. |
| 504 | |aComprend des références bibliographiques. |
| 650 | 6|aAutomobiles|xIndustrie et commerce|xPolitique gouvernementale|zCanada. |
| 650 | 6|aAutomobiles|xÉquipement|xIndustrie|xPolitique gouvernementale|zCanada. |
| 650 | 6|aAutomobiles|xPièces|xDroits de douane|zCanada. |
| 710 | 1 |aCanada. |bMinistère de l'industrie et du commerce, |eorganisme de publication. |
| 710 | 1 |aCanada. |bMinistère de l'expansion économique régionale, |eorganisme de publication. |
| 775 | 08|tAn automotive strategy for Canada : |w(CaOODSP)9.945381 |
| 856 | 40|qPDF|s2.69 Mo|uhttps://publications.gc.ca/collections/collection_2024/isde-ised/c2/C2-73-1983-fra.pdf |